Countries that Start with E - Map Quiz - Statistics

General Stats
  • This quiz has been taken 100 times
  • The average score is 8 of 9
Answers on the Map
Answers color-coded by a green-red scale on the quiz's map according to % correct below.
 
Answer Stats
Country % Correct
Egypt
100%
Estonia
100%
Ecuador
96%
Eritrea
95%
Ethiopia
95%
Equatorial Guinea
88%
Eswatini
88%
East Timor
86%
El Salvador
84%
No matching quizzes found
Score Distribution
Percent of People with Each Score
Percentile by Number Answered
Your Score History
You have not taken this quiz